000 00524nam a2200169 i 4500
001 90546
003 ES-MaACL
005 20240225063054.0
007 t|
008 050121s1975 sp ||||1| spa d
100 1 _aLenin, Vladimir Il'ich,
_d1870-1924
_971523
245 1 0 _aProblemas de polĂ­tica nacional e internacionalismo proletario /
_cVladimir Illicht Lenin.
260 _a[Madrid] :
_bAkal,
_c[1975]
300 _a205 p. ;
_c18 cm.
852 _aES-MaACL
_jE-10069
_bR.94439
999 _c90546
_d90546